000 00630nam a2200193Ia 4500
003 GCL
008 140319s9999 xx 000 0 ara d
040 _aGCL /
_cGCL
082 0 4 _aم
_b031
_bف د
100 1 _aفاطمة محمد محجوب
245 1 0 _aدائرة معارف الناشئين /
_cفاطمة محمد محجوب
700 1 _aمحمد خليفة بركات
260 _a[S.N] :
_bالمجلس الاعلى لرعاية الفنون والاداب
300 _a383 ص
490 _aاساسيات الفيزياء
_v0
650 0 4 _aدوائر المعارف
650 0 4 _aالشباب
942 _2ddc
_cREF
999 _c59397
_d59397